000 00407pab a2200133 454500
008 180718b1986 xxu||||| |||| 00| 0 eng d
100 _aLaverty, Edward P.
245 _aInformation technology and education for the public service
260 _c1986
300 _a391-408
650 _aPublic Administration - Study and Teaching
773 _aInternational Journal of Public Administration
909 _a16572
999 _c16572
_d16572